[Event "The Rudolf Charousek Memorial Chess Congress"]
[Site "SchemingMind.com"]
[Date "2005.04.18"]
[Round "-"]
[White "Gordon"]
[Black "C. H. O'D. Schlechter"]
[Result "1-0"]
[WhiteCountry "ENG"]
[BlackCountry "USA"]
[WhiteElo "2067"]
[WhiteRD "61"]
[BlackElo "2156"]
[BlackRD "72"]
[GameID "13070"]

1. e4 e5 2. Nf3 Nc6 3. d4 exd4 4. c3 dxc3 5. Bc4 cxb2 6. Bxb2 d6 7. Qb3 Qd7 8. Bc3 Nh6 9. O-O f6 10. Nbd2 Nf7
11. Rad1 Nce5 12. Nxe5 Nxe5 13. Bxe5 dxe5 14. f4 Bc5+ 15. Kh1 exf4 16. Rxf4 Bd6 17. e5 fxe5 18. Bb5 exf4 19. Ne4 Be7 20. Ng5 Rf8
21. Bxd7+ Bxd7 22. Qxb7
1-0

[Event "The Rudolf Charousek Memorial Chess Congress"]
[Site "SchemingMind.com"]
[Date "2005.04.18"]
[Round "-"]
[White "Gordon"]
[Black "rabbit"]
[Result "1-0"]
[WhiteCountry "ENG"]
[BlackCountry "USA"]
[WhiteElo "2067"]
[WhiteRD "61"]
[BlackElo "1892"]
[BlackRD "72"]
[GameID "13071"]

1. e4 e5 2. Nf3 Nc6 3. d4 exd4 4. c3 d5 5. exd5 Qxd5 6. cxd4 Bg4 7. Nc3 Bb4 8. Be2 Bxf3 9. Bxf3 Qc4 10. Qb3 Qxb3
11. axb3 Nge7 12. Be3 O-O-O 13. O-O-O Rhe8 14. Rhe1 h6 15. d5 Ne5 16. Be4 Kb8 17. Bd4 Ng4 18. Re2 Nf6 19. Bf3 Ng6 20. g3 Rxe2
21. Bxe2 a6 22. f4 Ne8 23. Bh5 Nf6 24. Bf3 Ne7 25. Bxf6 gxf6 26. Bh5 Ng6 27. Kc2 f5 28. Nb1 Re8 29. Na3 Re4 30. Kd3 Bc5
31. Nc2 Re7 32. Nd4 Bxd4 33. Kxd4 Re4+ 34. Kd3 Re7 35. Bf3 Nf8 36. Rd2 Ng6 37. Re2 Ka7 38. Kd4 Rxe2 39. Bxe2 Kb6 40. Bh5 Kb5
41. Bxg6 fxg6 42. Ke5
1-0

[Event "The Rudolf Charousek Memorial Chess Congress"]
[Site "SchemingMind.com"]
[Date "2005.04.18"]
[Round "-"]
[White "Gordon"]
[Black "pudutse"]
[Result "1-0"]
[WhiteCountry "ENG"]
[BlackCountry "ARG"]
[WhiteElo "1992"]
[WhiteRD "70"]
[BlackElo "1846"]
[BlackRD "87"]
[GameID "13072"]

1. e4 e5 2. Nf3 Nc6 3. d4 exd4 4. c3 dxc3 5. Bc4 d6 6. Nxc3 Be7 7. Qb3 Nh6 8. Bxh6 gxh6 9. Bxf7+ Kf8 10. Bh5 d5
11. exd5 Na5 12. Qa4 c6 13. Qf4+ Bf6 14. O-O-O Kg7 15. Qg3+ Bg5+ 16. Kb1 Bf5+ 17. Ka1 Bg6 18. Bxg6 hxg6 19. dxc6 Qf6 20. Nxg5 Nxc6
21. Rd7+ Ne7 22. Nce4
1-0

[Event "The Rudolf Charousek Memorial Chess Congress"]
[Site "SchemingMind.com"]
[Date "2005.04.18"]
[Round "-"]
[White "Gordon"]
[Black "tzid"]
[Result "1-0"]
[WhiteCountry "ENG"]
[BlackCountry "USA"]
[WhiteElo "1992"]
[WhiteRD "70"]
[BlackElo "1626"]
[BlackRD "128"]
[GameID "13073"]

1. e4 e6 2. d4 d5 3. Nc3 Nf6 4. Bg5 Be7 5. e5 Nfd7 6. h4 h6 7. Bxe7 Qxe7 8. f4 c5 9. Nb5 O-O 10. Nc7 Na6
11. Nxa8 cxd4 12. Qxd4 Nb6 13. Nxb6 axb6 14. Bxa6
1-0

[Event "The Rudolf Charousek Memorial Chess Congress"]
[Site "SchemingMind.com"]
[Date "2005.04.18"]
[Round "-"]
[White "Gary"]
[Black "Gordon"]
[Result "0-1"]
[WhiteCountry "ENG"]
[BlackCountry "ENG"]
[WhiteElo "1714"]
[WhiteRD "61"]
[BlackElo "2083"]
[BlackRD "63"]
[GameID "13074"]

1. e4 c5 2. Nf3 d6 3. d4 cxd4 4. Nxd4 Nf6 5. Nc3 g6 6. Bg5 Bg7 7. f4 O-O 8. h3 h6 9. Bh4 Qb6 10. Nb3 Qe3+
11. Ne2 Qxe4 12. Qd2 Nd5 13. O-O-O Ne3 14. Qd3 Bf5 15. Qxe4 Bxe4 16. Rd2 Rc8 17. c3 Nc6 18. Ng3 Bd5 19. Rg1 Bxb3 20. axb3 Na5
21. Rd3 Nxb3+ 22. Kb1 Nxf1 23. Rxf1 Nc5 24. Rd2 Kf8 25. Re1 Rc7 26. Ne4 Ne6 27. Rf1 b5 28. f5 gxf5 29. Rxf5 Be5 30. Rf1 Rc4
31. Re1 b4 32. Bf2 bxc3 33. bxc3 Bxc3
0-1

[Event "The Rudolf Charousek Memorial Chess Congress"]
[Site "SchemingMind.com"]
[Date "2005.04.18"]
[Round "-"]
[White "aliwood"]
[Black "Gordon"]
[Result "0-1"]
[WhiteCountry "ENG"]
[BlackCountry "ENG"]
[WhiteElo "1242"]
[WhiteRD "68"]
[BlackElo "2067"]
[BlackRD "61"]
[GameID "13075"]

1. e4 c5 2. Nf3 d6 3. d4 cxd4 4. Nxd4 Nf6 5. Nc3 g6 6. Be3 Bg7 7. f3 O-O 8. Qd2 Nc6 9. O-O-O d5 10. Qe1 e5
11. Nxc6 bxc6 12. exd5 cxd5 13. Bg5 Be6 14. Bc4 Qb6 15. Bxf6 Bxf6 16. Nxd5 Bxd5 17. Bxd5 Rab8 18. g4 Bg5+ 19. Kb1 Qxb2#
0-1

[Event "The Rudolf Charousek Memorial Chess Congress"]
[Site "SchemingMind.com"]
[Date "2005.04.18"]
[Round "-"]
[White "C. H. O'D. Schlechter"]
[Black "Gordon"]
[Result "1-0"]
[WhiteCountry "USA"]
[BlackCountry "ENG"]
[WhiteElo "2156"]
[WhiteRD "72"]
[BlackElo "2067"]
[BlackRD "61"]
[GameID "13076"]

1. e4 c5 2. c3 Nf6 3. e5 Nd5 4. d4 cxd4 5. Nf3 Nc6 6. cxd4 d6 7. Bc4 Nb6 8. Bb3 d5 9. Nh4 e6 10. Nf3 Bd7
11. O-O Be7 12. Nc3 Rc8 13. Bc2 a6 14. a3 Na5 15. Qd3 Qc7 16. Ne1 Nbc4 17. Qg3 Bf8 18. Ne2 Nb6 19. b4 Nac4 20. a4 Bc6
21. Nd3 Nd7 22. Qg4 b5 23. Nef4 g6 24. Nxe6 fxe6 25. Nf4 Ndb6 26. a5 Na4 27. Nxe6 Qb7 28. f4 Bxb4 29. f5 h5 30. Qh3
1-0

[Event "The Rudolf Charousek Memorial Chess Congress"]
[Site "SchemingMind.com"]
[Date "2005.04.18"]
[Round "-"]
[White "rabbit"]
[Black "Gordon"]
[Result "0-1"]
[WhiteCountry "USA"]
[BlackCountry "ENG"]
[WhiteElo "1892"]
[WhiteRD "72"]
[BlackElo "2067"]
[BlackRD "61"]
[GameID "13077"]

1. e4 c5 2. Nc3 Nc6 3. g3 g6 4. Bg2 Bg7 5. d3 e6 6. Nf3 Nge7 7. O-O O-O 8. Be3 d6 9. Qc1 f5 10. Bh6 e5
11. Qg5 Nd4 12. Rac1 f4 13. Bxg7 Kxg7 14. Qh4 Bd7 15. Nxd4 exd4 16. Nb1 Nc6 17. Qxd8 Raxd8 18. Nd2 Ne5 19. f3 Be6 20. Rcd1 h5
21. a3 b5 22. Ra1 g5 23. Rf2 c4 24. dxc4 bxc4 25. gxf4 Rxf4 26. Nf1 Kg6 27. Rd1 d3 28. cxd3 cxd3 29. Rc1 d5 30. Rc5 Nc4
31. Rc6 Kf6 32. Ng3 d2 33. Nxh5+ Ke5 34. Rxd2 Nxd2 35. Nxf4 gxf4 36. exd5 Bxd5 37. Rc5 Kd4 38. Rc7 Ke3 39. Re7+ Be4 40. fxe4 Rg8
41. Rd7 f3 42. Rxd2 Kxd2 43. Kf2 fxg2 44. Kg1 Ke3 45. h4 Kf3
0-1

[Event "The Rudolf Charousek Memorial Chess Congress"]
[Site "SchemingMind.com"]
[Date "2005.04.18"]
[Round "-"]
[White "pudutse"]
[Black "Gordon"]
[Result "0-1"]
[WhiteCountry "ARG"]
[BlackCountry "ENG"]
[WhiteElo "1773"]
[WhiteRD "84"]
[BlackElo "2067"]
[BlackRD "61"]
[GameID "13078"]

1. e4 c5 2. Nf3 d6 3. d3 Nc6 4. g3 g6 5. Bg2 Bg7 6. O-O e6 7. Nc3 Nge7 8. Ne2 O-O 9. c3 Bd7 10. d4 cxd4
11. cxd4 Qb6 12. Rb1 d5 13. exd5 Nxd5 14. Be3 Nxe3 15. fxe3 e5 16. Kh1 Bf5 17. d5 Bxb1 18. Qxb1 Na5 19. e4 Nc4 20. b3 Nd6
21. Qd3 Rac8 22. Nd2 Qa6 23. Qxa6 bxa6 24. Nb1 Rc2 25. Nec3 Rc8 26. Nd1 Rxa2 27. Ne3 Rb2 28. Nc4 Nxc4 29. bxc4 Rxc4 30. Rd1 Rcc2
31. Bf3 Rxh2+ 32. Kg1 Bh6 33. d6 Be3+ 34. Kf1 Rhf2+ 35. Ke1 Rxf3 36. d7 Bb6 37. d8=Q+ Bxd8 38. Rxd8+ Kg7 39. Nd2 Rxg3 40. Nf1 Ra3
0-1

[Event "The Rudolf Charousek Memorial Chess Congress"]
[Site "SchemingMind.com"]
[Date "2005.04.18"]
[Round "-"]
[White "tzid"]
[Black "Gordon"]
[Result "0-1"]
[WhiteCountry "USA"]
[BlackCountry "ENG"]
[WhiteElo "1626"]
[WhiteRD "128"]
[BlackElo "1992"]
[BlackRD "70"]
[GameID "13079"]

1. f4 Nf6 2. Nf3 g6 3. e3 Bg7 4. Nc3 O-O 5. Bc4 d5 6. Bb3 c6 7. O-O Nbd7 8. Ne2 Nc5 9. Ng3 Nfe4 10. Ng5 Nxg3
11. hxg3 e5 12. d4 exd4 13. exd4 Nxb3 14. axb3 Re8 15. c3 h6 16. Nf3 Bg4 17. Bd2 Qd6 18. Qc2 Bf5 19. Qc1 a6 20. Re1 Re6
21. Rxe6 Qxe6 22. Qe1 Re8 23. Qxe6 Rxe6 24. Re1 Rxe1+ 25. Nxe1 h5 26. Kf2 a5 27. Ke3 b6 28. c4 Bf8 29. Bc3 f6 30. Nd3 Kf7
31. cxd5 cxd5 32. b4 Bxd3 33. bxa5 Ba6 34. axb6 Ke6 35. b4 Bb5 36. Kf2 Kd6 37. Kf3 Kc6
0-1

[Event "The Rudolf Charousek Memorial Chess Congress"]
[Site "SchemingMind.com"]
[Date "2005.04.25"]
[Round "-"]
[White "Sebastian Strauchler"]
[Black "aliwood"]
[Result "1-0"]
[WhiteCountry "ARG"]
[BlackCountry "ENG"]
[WhiteElo "1985"]
[WhiteRD "107"]
[BlackElo "1354"]
[BlackRD "69"]
[GameID "13092"]

1. e4 e5 2. Nf3 Nc6 3. Bb5 a6 4. Ba4 Nf6 5. O-O Nxe4 6. d4 b5 7. Bb3 d5 8. dxe5 Be6 9. c3 Bc5 10. Nbd2 O-O
11. Bc2 Nxf2 12. Rxf2 f6 13. exf6 Rxf6 14. Nb3 Bxf2+ 15. Kxf2 Bg4 16. Nd4 Nxd4 17. Qxd4 Qd7 18. Bg5 Rf7 19. Bd1 Raf8 20. Kg1 h6
21. Bh4 Rf4 22. Qf2 Re4 23. Be2 Qe6 24. Bd1
1-0

[Event "The Rudolf Charousek Memorial Chess Congress"]
[Site "SchemingMind.com"]
[Date "2005.05.09"]
[Round "-"]
[White "Sebastian Strauchler"]
[Black "C. H. O'D. Schlechter"]
[Result "0-1"]
[WhiteCountry "ARG"]
[BlackCountry "USA"]
[WhiteElo "1979"]
[WhiteRD "86"]
[BlackElo "2234"]
[BlackRD "77"]
[GameID "13093"]

1. e4 e5 2. Nf3 Nc6 3. Bb5 a6 4. Ba4 Nf6 5. O-O Nxe4 6. d4 b5 7. Bb3 d5 8. dxe5 Be6 9. c3 Bc5 10. Nbd2 O-O
11. Bc2 Nxf2 12. Rxf2 f6 13. exf6 Bxf2+ 14. Kxf2 Qxf6 15. Nf1 Ne5 16. Be3 Rae8 17. Bc5 Nxf3 18. gxf3 Rf7 19. Ng3 Bg4 20. Kg1 Qxf3
21. Qxf3 Rxf3 22. a4 Bh3 23. axb5 axb5 24. Ne2 c6 25. Nd4 Rf4 26. Bd6 Rf6 27. Bc5 g6 28. Bd3 Re5 29. Ne2 Rf3 30. Rd1 h5
31. Kh1 Rg5 32. Nd4 Bg2+ 33. Kg1 Rf6 34. h4 Rg4 35. Kh2 Bf3 36. Nxf3 Rxf3 37. Be7 Rf2+ 38. Kh3 Rgf4 39. Rg1 Kf7 40. Ba3 R2f3+
41. Rg3 g5 42. Be2 Rxh4+ 43. Kg2 Rxg3+ 44. Kxg3 Ke6 45. Bc5 Rh1 46. Bf3 Rb1 47. b4 Rb3 48. Bxh5 Rxc3+ 49. Kg4 d4 50. Kxg5 d3
51. Be3 Rc4 52. Bf3 Rxb4 53. Bxc6 Ke5 54. Bd2 Rb3 55. Be3 b4 56. Bf3 Rb1
0-1

[Event "The Rudolf Charousek Memorial Chess Congress"]
[Site "SchemingMind.com"]
[Date "2005.05.09"]
[Round "-"]
[White "Sebastian Strauchler"]
[Black "rabbit"]
[Result "1-0"]
[WhiteCountry "ARG"]
[BlackCountry "USA"]
[WhiteElo "1990"]
[WhiteRD "111"]
[BlackElo "1887"]
[BlackRD "74"]
[GameID "13094"]

1. e4 e5 2. Nf3 Nc6 3. Bb5 a6 4. Ba4 b5 5. Bb3 Nf6 6. Ng5 d5 7. exd5 Nd4 8. c3 Nxb3 9. Qxb3 Qxd5 10. O-O Qxb3
11. axb3 h6 12. Nf3 e4 13. Re1 Be7 14. Nd4 c5 15. Nxb5 O-O 16. d3 Bb7 17. N5a3 Rad8 18. dxe4 Nxe4 19. f3 Bh4 20. g3 Ng5
21. Nd2 Rxd2 22. Bxd2 Nxf3+ 23. Kf2 Nxe1 24. Rxe1 Bf6 25. Be3 Rc8 26. Nc4 Bd5 27. Nb6 Rd8 28. Nxd5 Rxd5 29. Ra1 Bg5 30. Rxa6
1-0

[Event "The Rudolf Charousek Memorial Chess Congress"]
[Site "SchemingMind.com"]
[Date "2005.05.08"]
[Round "-"]
[White "Sebastian Strauchler"]
[Black "pudutse"]
[Result "1-0"]
[WhiteCountry "ARG"]
[BlackCountry "ARG"]
[WhiteElo "2002"]
[WhiteRD "107"]
[BlackElo "1754"]
[BlackRD "88"]
[GameID "13095"]

1. e4 e5 2. Nf3 Nc6 3. Bb5 a6 4. Ba4 Nf6 5. O-O b5 6. Bb3 Be7 7. Re1 d6 8. c3 Bg4 9. d3 O-O 10. Nbd2 Na5
11. Bc2 c5 12. Nf1 Nc6 13. Ng3 Re8 14. h3 Bd7 15. d4 g6 16. a4 Bf8 17. Bb3 Bg7 18. dxc5 dxc5 19. Bg5 c4 20. Bc2 Qe7
21. Nf1 Be6 22. Ne3 Qd7 23. Qe2 h6 24. Bh4 Nh5 25. Nh2 Bxh3 26. gxh3 Qxh3 27. Ng2 Nf4 28. Qf3 Qxf3 29. Nxf3 b4 30. Rad1 f6
31. Rd6 Rac8 32. Nxf4 exf4 33. Bxf6 g5 34. Bxg7 Kxg7 35. e5 a5 36. Rg6+ Kf8 37. Rxh6 g4 38. Ng5 Nxe5 39. Ne6+ Kf7 40. Rxe5
1-0

[Event "The Rudolf Charousek Memorial Chess Congress"]
[Site "SchemingMind.com"]
[Date "2005.05.16"]
[Round "-"]
[White "Sebastian Strauchler"]
[Black "Gordon"]
[Result "0-1"]
[WhiteCountry "ARG"]
[BlackCountry "ENG"]
[WhiteElo "1990"]
[WhiteRD "87"]
[BlackElo "2229"]
[BlackRD "64"]
[GameID "13096"]

1. e4 c5 2. Nf3 d6 3. d4 cxd4 4. Nxd4 Nf6 5. Nc3 g6 6. Be3 Bg7 7. f3 O-O 8. Qd2 Nc6 9. Bc4 Bd7 10. h4 Rc8
11. Bb3 h5 12. O-O-O Ne5 13. Bg5 Rc5 14. Kb1 Re8 15. Bh6 Nc4 16. Bxc4 Rxc4 17. Bxg7 Kxg7 18. Nd5 e5 19. Nxf6 Qxf6 20. Nb3 Re6
21. Qa5 Ra4 22. Qc7 Bc6 23. Rd2 Ra6 24. Na5 Re7 25. Qd8 Rd7 26. Qxf6+ Kxf6 27. Nb3 Ke6 28. Rhd1 f5 29. exf5+ gxf5 30. f4 Ra4
31. fxe5 Kxe5 32. g3 Rg7 33. Rd3 Rag4 34. Na5 d5 35. Re1+ Re4 36. Red1 f4 37. gxf4+ Rxf4 38. Rc3 Rg6 39. Rb3 Rg2 40. Rc3 Kd6
41. Rh3 Bd7 42. Rhd3 Bg4 43. Rc1 b6 44. Nb3 Bf5 45. Rdd1 Rxh4 46. Nd4 Be4 47. Rf1 Rhh2 48. Nf3 Rh3 49. Nd4 h4 50. Rf7 Rhh2
51. Rxa7 h3 52. Ra6 Rd2
0-1

[Event "The Rudolf Charousek Memorial Chess Congress"]
[Site "SchemingMind.com"]
[Date "2005.05.09"]
[Round "-"]
[White "Sebastian Strauchler"]
[Black "tzid"]
[Result "1-0"]
[WhiteCountry "ARG"]
[BlackCountry "USA"]
[WhiteElo "1935"]
[WhiteRD "119"]
[BlackElo "1621"]
[BlackRD "85"]
[GameID "13097"]

1. e4 Nf6 2. e5 Nd5 3. d4 e6 4. Nf3 c5 5. c4 Nb6 6. Bg5 Be7 7. Bxe7 Qxe7 8. a4 d6 9. exd6 Qxd6 10. b4 N6d7
11. bxc5 Qc7 12. Nc3 Na6 13. Bd3 Qa5 14. Qb3 O-O 15. O-O e5 16. Nd5 exd4 17. Bxh7+ Kh8 18. Ng5 Ne5 19. f4 Nxc5 20. Qg3 Ng4
21. f5
1-0

[Event "The Rudolf Charousek Memorial Chess Congress"]
[Site "SchemingMind.com"]
[Date "2005.04.19"]
[Round "-"]
[White "Gary"]
[Black "Sebastian Strauchler"]
[Result "0-1"]
[WhiteCountry "ENG"]
[BlackCountry "ARG"]
[WhiteElo "1579"]
[WhiteRD "65"]
[BlackElo "1976"]
[BlackRD "101"]
[GameID "13098"]

1. e4 c5 2. Nf3 Nc6 3. d4 cxd4 4. Nxd4 g6 5. Nc3 Bg7 6. Be3 Nf6 7. Qd2 Ng4 8. Nxc6 bxc6 9. Bf4 O-O 10. f3 Ne5
11. O-O-O Rb8 12. Bh6 Qb6 13. b3 Bf6 14. Bxf8 Kxf8 15. Na4 Qc7 16. h3 c5 17. Nc3 Qa5 18. Kb1 e6 19. Qd6+ Kg7 20. Na4 Qxa4
21. Qxb8 Qa3
0-1

[Event "The Rudolf Charousek Memorial Chess Congress"]
[Site "SchemingMind.com"]
[Date "2005.04.19"]
[Round "-"]
[White "aliwood"]
[Black "Sebastian Strauchler"]
[Result "0-1"]
[WhiteCountry "ENG"]
[BlackCountry "ARG"]
[WhiteElo "1242"]
[WhiteRD "68"]
[BlackElo "1935"]
[BlackRD "119"]
[GameID "13099"]

1. e4 c5 2. Nf3 Nc6 3. d4 cxd4 4. Nxd4 g6 5. c4 Bg7 6. Be3 Nf6 7. Nc3 Ng4 8. Qxg4 Bxd4 9. Bxd4 Nxd4 10. O-O-O e5
11. Qg3 d6 12. f4 f6 13. f5 Kf7 14. Nb5 Nxb5 15. cxb5 Qc7+ 16. Kb1 a6 17. fxg6+ hxg6 18. Bd3 axb5 19. Bxb5 Be6 20. Rhf1 Bxa2+
21. Ka1 Bb3+ 22. Ba4 Rxa4+
0-1

[Event "The Rudolf Charousek Memorial Chess Congress"]
[Site "SchemingMind.com"]
[Date "2005.04.19"]
[Round "-"]
[White "C. H. O'D. Schlechter"]
[Black "Sebastian Strauchler"]
[Result "1/2-1/2"]
[WhiteCountry "USA"]
[BlackCountry "ARG"]
[WhiteElo "2243"]
[WhiteRD "73"]
[BlackElo "2012"]
[BlackRD "78"]
[GameID "13100"]

1. e4 c5 2. Nf3 Nc6 3. Bb5 g6 4. O-O Bg7 5. c3 Nf6 6. Re1 Qb6 7. Na3 O-O 8. e5 Ne8 9. d4 cxd4 10. cxd4 d5
11. Be3 Bf5 12. Nh4 Bd7 13. Qd2 Rc8 14. Rac1 Nc7 15. Ba4 Qa6 16. Bb3 Na5 17. Bc2 b5 18. Bg5 Rfe8 19. Bb1 Qb6 20. b3 Nc6
21. Be3 b4 22. Nc2 a5 23. f4 Nb5 24. Qf2 e6 25. Bd2 Rc7 26. Nf3 Ne7 27. Na1 Rec8 28. Rxc7 Rxc7 29. Nc2 Nc3 30. Ne3 Bb5
31. Bxc3 Rxc3 32. Nd1 Rc1 33. Nb2= Qc7 34. Bd3 Bxd3 35. Nxd3 Rc2 36. Re2 Rc3 37. Rd2 Bf8 38. g4 Nc6 39. Nb2 f6 40. Nd3= Qf7
41. Kg2 Bh6 42. Rd1 fxe5 43. fxe5 Na7 44. Qe2 Nb5 45. Rf1 Qa7 46. g5 Bg7 47. Qe3 Rc2+=
1/2-1/2

[Event "The Rudolf Charousek Memorial Chess Congress"]
[Site "SchemingMind.com"]
[Date "2005.04.19"]
[Round "-"]
[White "rabbit"]
[Black "Sebastian Strauchler"]
[Result "0-1"]
[WhiteCountry "USA"]
[BlackCountry "ARG"]
[WhiteElo "1918"]
[WhiteRD "74"]
[BlackElo "1994"]
[BlackRD "96"]
[GameID "13101"]

1. e4 c5 2. Nc3 Nc6 3. Nge2 g6 4. d4 cxd4 5. Nxd4 Bg7 6. Be3 Nf6 7. Nxc6 bxc6 8. e5 Nd5 9. Nxd5 cxd5 10. Qxd5 Rb8
11. O-O-O Bb7 12. Qd4 O-O 13. f4 d6 14. Qxa7 Qc8 15. Qd4 dxe5 16. fxe5 Qc7 17. Qc5 Bc6 18. Bf4 Qb7 19. b3 Rfc8 20. Rd2 e6
21. Rg1 Qa8 22. Kb1 Bf8 23. Qf2 Qa3 24. Bc4 Bb4 25. Rd3 Be4 26. Bc1 Qa5 27. Rd7 Bf5 28. Qf4 Bc3 29. Bb2 Rxb3 30. Bxb3 Bxb2
31. Qe3 Bxe5 32. Rgd1 Rc3 33. Rd8+ Kg7 34. R1d3 Bxd3 35. Rxd3 Rxd3 36. cxd3 Qc3 37. Qe2 Bxh2 38. Qb2 Qxb2+ 39. Kxb2 Kf6 40. Kc3 Ke5
41. Kc4 Kf4 42. Bd1 h5 43. a4 h4 44. a5 Ke3 45. a6 Bb8 46. Ba4 g5 47. d4 g4 48. Kc5 Ba7+ 49. Kd6 h3 50. gxh3 gxh3
51. Bc6 h2 52. Bh1 Bxd4 53. Ke7 f5 54. Kxe6 f4
0-1

[Event "The Rudolf Charousek Memorial Chess Congress"]
[Site "SchemingMind.com"]
[Date "2005.04.19"]
[Round "-"]
[White "pudutse"]
[Black "Sebastian Strauchler"]
[Result "0-1"]
[WhiteCountry "ARG"]
[BlackCountry "ARG"]
[WhiteElo "1762"]
[WhiteRD "84"]
[BlackElo "1990"]
[BlackRD "111"]
[GameID "13102"]

1. e4 c5 2. Nf3 Nc6 3. d3 g6 4. g3 Bg7 5. Bg2 d6 6. O-O Nf6 7. Nc3 a6 8. Ng5 Ng4 9. Ne2 O-O 10. f4 b5
11. c3 Bb7 12. d4 cxd4 13. cxd4 Rc8 14. Nc3 Bxd4+ 15. Kh1 Nf2+ 16. Rxf2 Bxf2 17. f5 Ne5 18. Bf4 Qb6 19. Nd5 Bxd5 20. Qxd5 Qd4
21. Qb7 Be3 22. Nf3 Qxb2 23. Re1 Nd3 24. Bxe3 Nxe1 25. Nxe1 Qe2 26. Bg1 Qxe1 27. Qxe7 Rc1 28. Qa7 Rfc8 29. f6 a5 30. e5 Qxe5
31. Qxa5 Qe3
0-1

[Event "The Rudolf Charousek Memorial Chess Congress"]
[Site "SchemingMind.com"]
[Date "2005.04.19"]
[Round "-"]
[White "Gordon"]
[Black "Sebastian Strauchler"]
[Result "1-0"]
[WhiteCountry "ENG"]
[BlackCountry "ARG"]
[WhiteElo "2159"]
[WhiteRD "63"]
[BlackElo "1985"]
[BlackRD "107"]
[GameID "13103"]

1. e4 c5 2. Nf3 Nc6 3. d4 cxd4 4. Nxd4 g6 5. c4 Bg7 6. Be3 Nf6 7. Nc3 Ng4 8. Qxg4 Bxd4 9. Bxd4 Nxd4 10. O-O-O d6
11. Qg3 e5 12. f4 f6 13. f5 Kf7 14. Nb5 Nxb5 15. cxb5 Qc7+ 16. Kb1 a6 17. Qb3+ Kg7 18. b6 Qe7 19. Bc4 gxf5 20. Bd5 fxe4
21. Rc1 Bd7 22. Rc7 Rhd8 23. Rhc1 f5 24. Rxb7 Rab8 25. Rxb8 Rxb8 26. Rc7 e3 27. Bc6 e2 28. Qe3 Qh4 29. Rxd7+ Kh8 30. Qxe2 Qd4
31. Qc2 Rxb6 32. a3 e4 33. Bd5
1-0

[Event "The Rudolf Charousek Memorial Chess Congress"]
[Site "SchemingMind.com"]
[Date "2005.04.19"]
[Round "-"]
[White "tzid"]
[Black "Sebastian Strauchler"]
[Result "0-1"]
[WhiteCountry "USA"]
[BlackCountry "ARG"]
[WhiteElo "1463"]
[WhiteRD "83"]
[BlackElo "1990"]
[BlackRD "111"]
[GameID "13104"]

1. d4 d5 2. c4 e6 3. e3 Nf6 4. Nc3 c5 5. Nf3 Nc6 6. cxd5 exd5 7. dxc5 Bxc5 8. Be2 O-O 9. O-O Bf5 10. Bd3 Ne4
11. Bc2 Nxc3 12. bxc3 Bg4 13. Qd3 f5 14. Bb2 Bxf3 15. gxf3 Ne5 16. Qe2 Qh4 17. Bb3 Rad8 18. Rad1 Qh3 19. Rxd5 Nxf3+ 20. Qxf3 Qxf3
21. Rxf5+ Kh8 22. Rxf3 Rxf3 23. Kg2 Rff8 24. Bc1 b5 25. c4 b4 26. f4 Rfe8 27. Kf3 a5 28. Bc2 Re6 29. Rg1 Rde8 30. Re1 Ra8
31. e4 a4 32. Rd1 a3 33. e5 g6
0-1